Metódy detekcie a odstraňovania autokorelácie v regresných modeloch bakalárska práca

Salvato in:
Dettagli Bibliografici
Autore principale: Kocáková, Patrícia
Ente Autore: Fakulta hospodárskej informatiky EU. Katedra operačného výskumu a ekonometrie
Altri autori: Kupkovič, Patrik
Natura: Libro
Lingua:slovacco
Pubblicazione: Bratislava 2015
Tags: Aggiungi Tag
Nessun Tag, puoi essere il primo ad aggiungerne!!

MARC

LEADER 00000nbm a2200000 4500
001 0203716
005 20161212115013.0
041 0 |a slo 
044 |a SK 
245 1 0 |a Metódy detekcie a odstraňovania autokorelácie v regresných modeloch  |b bakalárska práca  |c Patrícia Kocáková ; školiteľ: Patrik Kupkovič 
264 1 |a Bratislava  |c 2015 
300 |a 41 s. 
100 1 |a Kocáková, Patrícia 
700 1 |a Kupkovič, Patrik 
710 2 |a Fakulta hospodárskej informatiky EU. Katedra operačného výskumu a ekonometrie